Lokacje w Warszawie – Quiz na mapie - Statystyki

Ogólne statystyki
  • Ten quiz został rozwiązany 3 343 razy
  • Średni wynik to 7 z 12
Odpowiedzi na mapie
Odpowiedzi zakodowano w zielono-czerwonej skali na mapie do tego quizu, zgodnie z poniższymi procentami.
 
Statystyki odpowiedzi
Odpowiedź % Poprawnych
PGE Narodowy
78%
Lotnisko Chopina
75%
Pałac w Wilanowie
67%
Centrum Nauki Kopernik
66%
Pałac Kultury i Nauki
60%
Łazienki Królewskie
57%
Dworzec Warszawa Centralna
52%
Muzeum Powstania Warszawskiego
51%
Zamek Królewski
50%
Pałac Prezydencki
47%
Varso Tower
47%
Złote Tarasy
41%
Nie znaleziono quizów pasujących do podanych kryteriów
Rozkład punktacji
Procent ludzi z każdym wynikiem
Percentyl według liczby udzielonych odpowiedzi
Twoja historia wyników
Nie rozwiązałeś tego quizu